000 00294nam a22001097a 4500
008 160614b xxu||||| |||| 00| 0 eng d
020 _a0781719704
041 _aeng
080 _a618.2
245 _aNursing diagnosis / Application to clinical practice :
_cLynda Juall Carpenito.
942 _2udc
_cBK
999 _c2500
_d2500